5HLuxD.jpg

KING HENRY VIII SENIOR AND PRIMARY SCHOOL LIBRARY OPAC

WHERE IS NIAGARA FALLS? (Record no. 4205)

000 -LEADER
fixed length control field 00295nam a22001097a 4500
008 - FIXED-LENGTH DATA ELEMENTS--GENERAL INFORMATION
fixed length control field 250127b ||||| |||| 00| 0 eng d
020 ## - INTERNATIONAL STANDARD BOOK NUMBER
International Standard Book Number 9780448484259
082 ## - DEWEY DECIMAL CLASSIFICATION NUMBER
Classification number 971 STI
100 ## - MAIN ENTRY--PERSONAL NAME
Personal name MEGAN STINE
Relator term STINE,MEGAN
245 ## - TITLE STATEMENT
Title WHERE IS NIAGARA FALLS?
942 ## - ADDED ENTRY ELEMENTS (KOHA)
Source of classification or shelving scheme
Classification part 971 STI
Holdings
Withdrawn status Lost status Source of classification or shelving scheme Damaged status Not for loan Collection code Permanent Location Current Location Shelving location Date acquired Total Checkouts Full call number Barcode Date last seen Date last checked out Price effective from Koha item type
          Non-Fiction KH8 Primary School Library KH8 Primary School Library Non Fiction 2025-01-27 1 971 STI KHPL000005033 2025-12-05 2025-01-27 2025-01-27 Books - Non Ficton

Powered By KH8 IT Dept